Green Lantern - Statistics

General Stats
  • This quiz has been taken 386 times
  • The average score is 17 of 34
Answer Stats
Hint Answer % Correct
Main/most well known Lantern Hal Jordan
96%
Leader of Sinestro (yellow) Lanterns Sinestro
86%
Emotion of Yellow Lanterns Fear
79%
Black (Human) Green Lantern John Stewart
76%
Emotion of Red Lanterns Rage
75%
Wrote Green Lantern for 9 years Geoff Johns
74%
Emotion of Violet Lanterns Love
74%
Emotion of Green Lanterns Will
74%
Emotion of Black Lanterns Death
72%
Emotion of Blue Lanterns Hope
72%
Golden Age Green Lantern Alan Scott
66%
Emotion of White Lanterns Life
64%
Artist/Hal's replacement Kyle Rayner
60%
Girl Friend of the most well known lantern Carol Ferris
54%
Heavy Hitter Green Lantern Kilowog
54%
Emotion of Indigo Lanterns Compassion
53%
His assistant Guy Gardner
53%
Leader of the Red Lanterns Atrocitus
52%
Owner of the Orange Lantern Larfleeze
48%
Leader of Blue Lanterns Saint Walker
43%
Emotion of Orange Lantern Avarice
42%
Planet Lantern Mogo
42%
Black lantern Black Hand
41%
Protects of the Universe before the Green Lanterns Manhunters
38%
Leader of Indigo Lanterns Indigo-1
35%
Leader of Green Lanterns The Guardians
35%
Arabic Lantern Simon Baz
32%
Big headed villain Hector Hammond
30%
His Boss Nekron
25%
Fish Lantern Tomar-Re
21%
Destroyer of Coast City Cyborg Superman
15%
Alan Scott Villain in Batman Hush (ice) Icicle
12%
Leader of Viloet Lanterns Zamarons
6%
Lightsmith Relic
4%
No matching quizzes found
Score Distribution
Percent of People with Each Score
Percentile by Number Answered
Your Score History
You have not taken this quiz